[Event "Ankara Baskent Univ op 8th"]
[Site "Ankara"]
[Date "2025.07.06"]
[Round "9"]
[White "Celik, Ege Yigit"]
[Black "Mohannad, Farhan"]
[Result "0-1"]
[WhiteElo "1981"]
[BlackElo "2118"]
[PlyCount "44"]
[EventDate "2025.07.01"]
[EventType "swiss"]
[EventRounds "9"]
[EventCountry "TUR"]
[SourceTitle "CB28_2025"]
[SourceDate "2025.07.09"]
[SourceVersion "1"]
[SourceVersionDate "2025.07.09"]
[SourceQuality "1"]

1. c4 e5 2. Nc3 f5 3. Nf3 e4 4. Nd4 Qf6 5. e3 c6 6. g4 Bb4 7. Nxf5 d5 8. Nxd5 cxd5 9. Qa4+ Kd8 10. Qxb4 Nc6 11. Qc3 Bxf5 12. gxf5 d4 13. exd4 Nxd4 14. Bg2 Ne7 15. Bxe4 Re8 16. d3 Nexf5 17. Kf1 Kc8 18. Rg1 Qh4 19. Rg2 Qh5 20. Bf4 Qe2+ 21. Kg1 Rxe4 22. dxe4 Qxe4 0-1

[Event "Ankara Baskent Univ op 8th"]
[Site "Ankara"]
[Date "2025.07.02"]
[Round "3"]
[White "Mohannad, Farhan"]
[Black "Sahin, Taha"]
[Result "1-0"]
[WhiteElo "2118"]
[BlackElo "1992"]
[PlyCount "179"]
[EventDate "2025.07.01"]
[EventType "swiss"]
[EventRounds "9"]
[EventCountry "TUR"]
[SourceTitle "CB28_2025"]
[SourceDate "2025.07.09"]
[SourceVersion "1"]
[SourceVersionDate "2025.07.09"]
[SourceQuality "1"]

1. d4 Nf6 2. c4 e6 3. Nc3 d5 4. g3 Nbd7 5. Bg2 Bb4 6. Qb3 c5 7. cxd5 exd5 8. Nf3 Qa5 9. 0-0 c4 10. Qc2 Bxc3 11. bxc3 Ne4 12. Ng5 Nxg5 13. Bxg5 0-0 14. Be7 Re8 15. Bb4 Qb5 16. f3 Nb6 17. e4 Bd7 18. e5 Qa4 19. Qd2 Bf5 20. g4 Bd3 21. Rf2 a5 22. Bc5 Nd7 23. Bd6 Qc6 24. f4 Nf6 25. h3 Re6 26. Ba3 Ne4 27. Bxe4 Bxe4 28. f5 Rh6 29. Qe3 Qd7 30. Re1 Qd8 31. Qg3 Qh4 32. Qxh4 Rxh4 33. Kh2 Rh6 34. Rb2 Rc6 35. Rxb7 h5 36. Kg3 hxg4 37. hxg4 Rh6 38. Bd6 Ra6 39. Rb8+ Kh7 40. Bc5 Rac6 41. Rf8 Rc7 42. Rb8 Rcc6 43. Re2 Rh1 44. Rh2+ Rxh2 45. Kxh2 Rh6+ 46. Kg3 Rh1 47. e6 fxe6 48. fxe6 Bg6 49. e7 Re1 50. Kf2 Re6 51. Rd8 Rf6+ 52. Ke1 Re6+ 53. Kd2 Re4 54. Rxd5 Rxg4 55. Rd8 Rg2+ 56. Kd1 Rg1+ 57. Ke2 Rg2+ 58. Kf1 Rxa2 59. e8Q Bxe8 60. Rxe8 Rd2 61. Re3 a4 62. Ke1 Rb2 63. Re7 Rc2 64. Ra7 Rxc3 65. Rxa4 Kg6 66. Kd2 Rd3+ 67. Kc2 Kf5 68. Rxc4 Rh3 69. d5 g5 70. d6 Rh2+ 71. Kd3 Rh7 72. Rd4 Rd7 73. Rd5+ Kf6 74. Ke4 Rd8 75. Rf5+ Kg6 76. Rf2 g4 77. Kf4 Kf6 78. Kxg4+ Ke6 79. Rd2 Kd7 80. Kf5 Rf8+ 81. Ke5 Rh8 82. Rf2 Kc6 83. Ba3 Re8+ 84. Kd4 Ra8 85. Rc2+ Kd7 86. Rc7+ Kd8 87. Bc1 Ra5 88. Rg7 Ra4+ 89. Kd5 Ra5+ 90. Ke4 1-0

[Event "Mersin op 8th"]
[Site "Mersin"]
[Date "2024.11.13"]
[Round "6"]
[White "Gurbanov, Ismayil"]
[Black "Mohannad, Farhan"]
[Result "1-0"]
[WhiteElo "2261"]
[BlackElo "2115"]
[PlyCount "83"]
[EventDate "2024.11.10"]
[EventType "swiss"]
[EventRounds "9"]
[EventCountry "TUR"]
[SourceTitle "CB47_2024"]
[SourceDate "2024.11.20"]
[SourceVersion "1"]
[SourceVersionDate "2024.11.20"]
[SourceQuality "1"]

1. e4 e6 2. d4 d5 3. Nd2 dxe4 4. Nxe4 Nd7 5. Be3 Ngf6 6. Nxf6+ Nxf6 7. Nf3 Bd6 8. Bd3 Qe7 9. 0-0 c5 10. Qe2 Qc7 11. Bb5+ Bd7 12. Rad1 0-0-0 13. dxc5 Bxc5 14. Bxc5 Qxc5 15. Bxd7+ Rxd7 16. Ne5 Rc7 17. c4 Rd8 18. Rxd8+ Kxd8 19. Rd1+ Ke8 20. Qd2 Rc8 21. Qf4 Qe7 22. Qd4 Qc5 23. Qf4 Qe7 24. g4 Rc7 25. Qd4 b6 26. b4 Kf8 27. b5 Ne8 28. Nc6 Qg5 29. h3 h5 30. Qe5 Qxe5 31. Nxe5 hxg4 32. hxg4 f6 33. Nc6 e5 34. Rd8 Kf7 35. Kf1 g5 36. Ke2 Ng7 37. Ra8 a5 38. c5 bxc5 39. Nd8+ Ke7 40. b6 Rd7 41. b7 Rxd8 42. Rxd8 1-0

[Event "Mersin op 8th"]
[Site "Mersin"]
[Date "2024.11.13"]
[Round "5"]
[White "Mohannad, Farhan"]
[Black "Khalili, Saeid"]
[Result "1/2-1/2"]
[WhiteElo "2115"]
[BlackElo "2066"]
[PlyCount "49"]
[EventDate "2024.11.10"]
[EventType "swiss"]
[EventRounds "9"]
[EventCountry "TUR"]
[SourceTitle "CB47_2024"]
[SourceDate "2024.11.20"]
[SourceVersion "1"]
[SourceVersionDate "2024.11.20"]
[SourceQuality "1"]

1. d4 d5 2. c4 e6 3. Nc3 Nf6 4. Bg5 c6 5. e3 Nbd7 6. Nf3 Qa5 7. Nd2 Ne4 8. Ndxe4 dxe4 9. Bh4 Bb4 10. Qc2 0-0 11. Be2 f5 12. 0-0 Nf6 13. Bg3 Qd8 14. Rad1 Bd6 15. Bh4 Qc7 16. c5 Be7 17. Bg3 Qd8 18. b4 Nd5 19. b5 Bd7 20. a4 g5 21. Be5 Bf6 22. Bd6 Be7 23. Be5 Bf6 24. Bd6 Be7 25. Be5 1/2-1/2

[Event "Mersin op 8th"]
[Site "Mersin"]
[Date "2024.11.11"]
[Round "2"]
[White "Baradaran Tamadon, Arian"]
[Black "Mohannad, Farhan"]
[Result "1-0"]
[WhiteElo "2323"]
[BlackElo "2115"]
[PlyCount "113"]
[EventDate "2024.11.10"]
[EventType "swiss"]
[EventRounds "9"]
[EventCountry "TUR"]
[SourceTitle "CB47_2024"]
[SourceDate "2024.11.20"]
[SourceVersion "1"]
[SourceVersionDate "2024.11.20"]
[SourceQuality "1"]

1. e4 e6 2. d4 d5 3. Nc3 dxe4 4. Nxe4 Nd7 5. Nf3 Ngf6 6. Nxf6+ Nxf6 7. Be3 Bd6 8. Bd3 Qe7 9. Qe2 c5 10. Bb5+ Bd7 11. 0-0-0 c4 12. Bxc4 0-0 13. Bg5 h6 14. Bh4 Rfc8 15. Kb1 Ba4 16. Bxf6 Qxf6 17. Bd3 Rc7 18. Rde1 Rac8 19. c3 Bc6 20. Be4 b5 21. Bxc6 Rxc6 22. Qe4 a5 23. Rc1 Bf4 24. Rc2 Bd6 25. Rhc1 a4 26. g3 Qe7 27. Nd2 a3 28. b3 f5 29. Qd3 e5 30. d5 e4 31. Qxb5 Rc5 32. Qa6 Be5 33. b4 Rb8 34. Qxa3 Rxd5 35. Qb3 Qf7 36. Nc4 Bf6 37. Ne3 Rdb5 38. Qxf7+ Kxf7 39. a4 Re5 40. Ka2 g5 41. Rd1 f4 42. Ng4 Re6 43. Nxf6 Kxf6 44. Kb3 e3 45. fxe3 f3 46. a5 Rxe3 47. a6 Re6 48. Ra1 Kf5 49. c4 Re3+ 50. Rc3 Ke4 51. Rxe3+ Kxe3 52. a7 Ra8 53. b5 f2 54. b6 g4 55. Kb4 Kf3 56. Kb5 Re8 57. a8Q+ 1-0

[Event "Ankara Baskent Univ op 6th"]
[Site "Ankara"]
[Date "2023.08.17"]
[Round "4"]
[White "Temizer, Umut"]
[Black "Mohannad, Farhan"]
[Result "0-1"]
[WhiteElo "2221"]
[BlackElo "2140"]
[PlyCount "106"]
[EventDate "2023.08.15"]
[EventType "swiss"]
[EventRounds "9"]
[EventCountry "TUR"]
[SourceTitle "CBM 215 Extra"]
[Source "ChessBase"]
[SourceDate "2023.09.30"]
[SourceVersion "1"]
[SourceVersionDate "2023.09.30"]
[SourceQuality "1"]

1. e4 g6 2. d4 Bg7 3. Nc3 d6 4. Be3 c6 5. Qd2 b5 6. Bd3 Nd7 7. Nge2 Bb7 8. 0-0 Ngf6 9. h3 0-0 10. Ng3 e5 11. Nce2 Re8 12. Bh6 Bxh6 13. Qxh6 Kh8 14. c3 a6 15. a4 exd4 16. cxd4 bxa4 17. Rxa4 c5 18. d5 Qb6 19. Qd2 Ne5 20. Bb1 a5 21. f4 Ned7 22. Kh1 Ba6 23. Rxa5 Rab8 24. Re1 h5 25. e5 dxe5 26. f5 g5 27. Ra3 Rg8 28. h4 Nh7 29. f6 Ndxf6 30. Nc3 Bc8 31. hxg5 Rxg5 32. Nce4 Rg4 33. d6 c4 34. Nf2 Rh4+ 35. Kg1 Rf4 36. Bxh7 Kxh7 37. Nxh5 Nxh5 38. Rxe5 Rf5 39. Re7 Qxb2 40. Qe3 Be6 41. g4 Rxf2 42. Qxf2 Qxa3 43. Rxf7+ Kg8 44. Rf3 Qa1+ 45. Qf1 Rb1 46. Rf8+ Kg7 47. gxh5 Rxf1+ 48. Rxf1 Qd4+ 49. Kg2 Bd5+ 50. Kg3 Qd3+ 51. Kf2 Qf3+ 52. Ke1 Qe3+ 53. Kd1 Bf3+ 0-1

[Event "Mersin op 6th"]
[Site "Mersin"]
[Date "2022.09.09"]
[Round "8"]
[White "Mohannad, Farhan"]
[Black "Ahmad, Al Khatib"]
[Result "0-1"]
[WhiteElo "2145"]
[BlackElo "2259"]
[PlyCount "37"]
[EventDate "2022.09.04"]
[EventType "swiss"]
[EventRounds "9"]
[EventCountry "TUR"]
[SourceTitle "CBM 210 Extra"]
[Source "ChessBase"]
[SourceDate "2022.11.30"]
[SourceVersion "1"]
[SourceVersionDate "2022.11.30"]
[SourceQuality "1"]

1. d4 d5 2. c4 e6 3. Nc3 Bb4 4. e3 Nf6 5. Nf3 0-0 6. Bd3 dxc4 7. Bxc4 c5 8. 0-0 cxd4 9. exd4 Nc6 10. Bg5 h6 11. Bh4 Be7 12. Rc1 Nh5 13. Bxe7 Nxe7 14. d5 exd5 15. Nxd5 Nxd5 16. Qxd5 Qxd5 17. Bxd5 Nf4 18. Bc4 Rb8 19. Bb5 0-1

[Event "Mersin op 6th"]
[Site "Mersin"]
[Date "2022.09.07"]
[Round "6"]
[White "Mohannad, Farhan"]
[Black "Odeev, Handszar"]
[Result "1/2-1/2"]
[WhiteElo "2145"]
[BlackElo "2281"]
[PlyCount "54"]
[EventDate "2022.09.04"]
[EventType "swiss"]
[EventRounds "9"]
[EventCountry "TUR"]
[SourceTitle "CBM 210 Extra"]
[Source "ChessBase"]
[SourceDate "2022.11.30"]
[SourceVersion "1"]
[SourceVersionDate "2022.11.30"]
[SourceQuality "1"]

1. d4 g6 2. e4 Bg7 3. c4 e5 4. dxe5 Bxe5 5. Nf3 Bg7 6. Nc3 d6 7. Bg5 Qd7 8. Qd2 h6 9. Bh4 Ne7 10. 0-0-0 Nbc6 11. Bg3 0-0 12. c5 Qe6 13. cxd6 cxd6 14. Kb1 Rd8 15. Ka1 a6 16. Nd5 Qxe4 17. Nb6 Rb8 18. Bc4 Be6 19. Rhe1 Qf5 20. Bxe6 fxe6 21. Nc4 Qf6 22. Nxd6 Nf5 23. Ne4 Qe7 24. Qc2 Rxd1+ 25. Rxd1 Rd8 26. Rxd8+ Qxd8 27. Qd2 Qb6 1/2-1/2

[Event "Izmir op 18th"]
[Site "Izmir"]
[Date "2019.09.04"]
[Round "5"]
[White "Yilmazyerli, Mert"]
[Black "Mohannad, Farhan"]
[Result "1/2-1/2"]
[WhiteElo "2417"]
[BlackElo "2094"]
[PlyCount "45"]
[EventDate "2019.09.02"]
[EventType "swiss"]
[EventRounds "9"]
[EventCountry "TUR"]
[SourceTitle "EXT 2020"]
[Source "ChessBase"]
[SourceDate "2019.10.17"]
[SourceVersion "1"]
[SourceVersionDate "2019.10.17"]
[SourceQuality "1"]

1. e4 e5 2. Nf3 Nc6 3. Nc3 Nf6 4. g3 d5 5. exd5 Nxd5 6. Bg2 Nxc3 7. bxc3 Bd6 8. 0-0 0-0 9. d3 Bg4 10. h3 Bh5 11. g4 Bg6 12. Ng5 Be7 13. Ne4 f5 14. gxf5 Bxf5 15. Kh2 Qd7 16. Be3 Bd6 17. Rg1 Rae8 18. Qb1 Nd4 19. Nxd6 Qxd6 20. Kh1 Bd7 21. cxd4 exd4 22. Qxb7 dxe3 23. Qd5+ 1/2-1/2

[Event "Arab CC-chT op"]
[Site "Hammamet"]
[Date "2019.02.26"]
[Round "1.2"]
[White "Mohannad, Farhan"]
[Black "Zaibi, Amir"]
[Result "1/2-1/2"]
[WhiteElo "2179"]
[BlackElo "2403"]
[PlyCount "86"]
[EventDate "2019.02.26"]
[EventType "swiss"]
[EventRounds "7"]
[EventCountry "TUN"]
[SourceTitle "EXT 2024"]
[Source "ChessBase"]
[SourceDate "2023.10.10"]
[SourceVersion "1"]
[SourceVersionDate "2023.10.10"]
[SourceQuality "1"]
[WhiteTeam "Amana"]
[BlackTeam "Bouhjar"]
[WhiteTeamCountry "JOR"]
[BlackTeamCountry "TUN"]

1. d4 d5 2. c4 e6 3. Nf3 Nf6 4. Nc3 Be7 5. Bg5 0-0 6. e3 h6 7. Bh4 Nbd7 8. cxd5 Nxd5 9. Bxe7 Nxe7 10. g4 c5 11. g5 h5 12. Bd3 cxd4 13. exd4 g6 14. Qc2 Qc7 15. Qd2 b6 16. Rc1 Qb8 17. 0-0 Bb7 18. Be4 Rd8 19. Qe3 Bxe4 20. Qxe4 Qd6 21. Ne5 Nxe5 22. dxe5 Qd2 23. f4 Qxb2 24. Rc2 Qa3 25. Nb5 Qa5 26. Nd6 Qd5 27. Qe2 Qd4+ 28. Kh1 Qd5+ 29. Kg1 Qd4+ 30. Kh1 Nf5 31. Rd1 Qxf4 32. Rf1 Qg4 33. Qxg4 hxg4 34. Rc7 g3 35. Rf4 gxh2 36. Kxh2 a5 37. a4 Rab8 38. Ra7 Rf8 39. Rc4 Rbd8 40. Rc6 Nd4 41. Rc3 Nf5 42. Rc6 Nd4 43. Rc3 Nf5 1/2-1/2

[Event "Istanbul op-A"]
[Site "Istanbul"]
[Date "2018.09.06"]
[Round "7"]
[White "Mohannad, Farhan"]
[Black "Aliakbarov, Anar Samir Oglu"]
[Result "0-1"]
[WhiteElo "2201"]
[BlackElo "2322"]
[PlyCount "252"]
[EventDate "2018.09.02"]
[EventType "swiss"]
[EventRounds "9"]
[EventCountry "TUR"]
[SourceTitle "CBM 186 Extra"]
[Source "ChessBase"]
[SourceDate "2018.08.24"]
[SourceVersion "1"]
[SourceVersionDate "2018.08.24"]
[SourceQuality "1"]

1. d4 d5 2. c4 e6 3. Nc3 Bb4 4. cxd5 exd5 5. Nf3 Nf6 6. Bg5 Nbd7 7. e3 c5 8. Be2 Qa5 9. 0-0 Bxc3 10. bxc3 c4 11. Nd2 Qxc3 12. e4 Qxd4 13. Be3 Qe5 14. exd5 0-0 15. Nxc4 Qxd5 16. Qc2 Ne5 17. Rfd1 Qc6 18. Rd6 Qc7 19. Bf4 Nxc4 20. Bxc4 Be6 21. Rxe6 Qxf4 22. Re7 Ng4 23. g3 Qh6 24. h4 Qf6 25. Rae1 Rac8 26. R7e4 Qf5 27. Qe2 Nf6 28. Rf4 Qd7 29. Bb5 Qc7 30. Qf3 a6 31. Ba4 b5 32. Bb3 Qc6 33. Qxc6 Rxc6 34. Re7 a5 35. a4 Rc3 36. Re3 Rxe3 37. fxe3 Rb8 38. Rf5 bxa4 39. Bxa4 Ra8 40. Kg2 Kf8 41. Kf3 Ne8 42. e4 Ra7 43. Rd5 Ra8 44. Rd7 Nf6 45. Rb7 Ng8 46. Bc6 Rc8 47. Bd5 Ne7 48. Bb3 g6 49. Kf2 Rc5 50. g4 Re5 51. Kf3 g5 52. hxg5 Rxg5 53. Kf4 h6 54. Kf3 Rc5 55. Ke3 Re5 56. Kf3 Kg7 57. Ra7 Rc5 58. Kf2 Re5 59. Kf3 Rb5 60. Ba4 Nc6 61. Ra6 Ne5+ 62. Kf4 Rc5 63. Ra7 Ng6+ 64. Ke3 Rc3+ 65. Kd4 Rg3 66. Bd7 Nf8 67. Bf5 Ra3 68. e5 Kg8 69. Kc5 a4 70. Kb4 Re3 71. Ra5 a3 72. Kc4 a2 73. Rxa2 Rxe5 74. Kd4 Re1 75. Ra8 Kg7 76. Kd3 Ng6 77. Kd2 Re7 78. Ra6 Nh4 79. Bc8 Rc7 80. Ra8 Re7 81. Ra6 Nf3+ 82. Kd3 Re8 83. Bf5 Ng5 84. Rb6 Re5 85. Bc8 Ne6 86. Rb4 Kf6 87. Rb1 Kg5 88. Rh1 Nf4+ 89. Kd4 Re8 90. Bb7 Re2 91. Bf3 Re6 92. Rh2 f6 93. Rh1 Ne2+ 94. Kd3 Ng3 95. Rh3 Kf4 96. Bd1 Re3+ 97. Kc2 Kg5 98. Rh2 Ra3 99. Kb2 Rd3 100. Kc2 Re3 101. Rh3 Kg6 102. Rh2 Ra3 103. Kb2 Re3 104. Kc2 Re5 105. Rh3 Ne4 106. Rh2 Rc5+ 107. Kd3 Ng5 108. Kd2 Rd5+ 109. Ke1 Rd4 110. Bc2+ Kg7 111. Bd1 Nf7 112. Be2 Ne5 113. Rg2 Kg6 114. Kf2 Kg5 115. Rg1 Nxg4+ 116. Bxg4 Rxg4 117. Ra1 Rb4 118. Kg3 Rb3+ 119. Kg2 f5 120. Ra8 Kg4 121. Rg8+ Kf4 122. Rf8 Rb2+ 123. Kg1 h5 124. Rf7 h4 125. Rh7 Kf3 126. Rxh4 Kg3 0-1

[Event "Istanbul op-A"]
[Site "Istanbul"]
[Date "2018.09.04"]
[Round "4"]
[White "Darban Vaighani, Morteza"]
[Black "Mohannad, Farhan"]
[Result "1/2-1/2"]
[WhiteElo "2333"]
[BlackElo "2201"]
[PlyCount "81"]
[EventDate "2018.09.02"]
[EventType "swiss"]
[EventRounds "9"]
[EventCountry "TUR"]
[SourceTitle "CBM 186 Extra"]
[Source "ChessBase"]
[SourceDate "2018.08.24"]
[SourceVersion "1"]
[SourceVersionDate "2018.08.24"]
[SourceQuality "1"]

1. d4 Nf6 2. c4 g6 3. Nc3 Bg7 4. e4 d6 5. Bd3 0-0 6. Nge2 c5 7. d5 e6 8. Bg5 h6 9. Bd2 exd5 10. exd5 Re8 11. h3 Nbd7 12. b3 Ne5 13. Bc2 Nh5 14. Kf1 Qh4 15. Kg1 b5 16. cxb5 c4 17. Be3 f5 18. g3 Qd8 19. Rc1 g5 20. Bb1 Rf8 21. f4 gxf4 22. gxf4 Nf3+ 23. Kf2 Nh4 24. Rg1 Kh7 25. Ng3 Nf6 26. Nh5 Bh8 27. Nxf6+ Qxf6 28. Ne2 Bd7 29. Bd4 Qf7 30. Bxh8 Rxh8 31. bxc4 Rae8 32. Qd4 Re7 33. Rg3 Qh5 34. Bd3 Rhe8 35. Nc3 Ng6 36. Rcg1 Qh4 37. Ne2 Qh5 38. Qb2 Qh4 39. Qd4 Qh5 40. Qb2 Qh4 41. Qd4 1/2-1/2